00559nam a2200181Ia 4500003000900000008004100009040001600050080001300066100003100079245002400110260003800134300001600172650004100188650001200229942000700241999001500248952011400263IN-BaIIA211028s9999 xx 000 0 eng d cIIA Library a526bBOM aBomford, Brigadier G93248 0aGeodesycG. Bomford aOxfordbThe Clarendon Pressc1952 axiii, 452p. aAstronomy and astrophysics thesaurus aGeodesy cBK c1633d1633 00104070aBANbBANcGENd0000-00-00g38.00l0o526/ BOMp1793r2021-11-05v38.00w0000-00-00yBKGRs. 38.00